00432nam a2200109Ia 4500008004100000100003300041245009400074260003300168300001700201650001900218856008500237160712s9999 xx 000 0 und d aTaduran, Richard Jonathan O. cRichard Jonathan O. TaduranaMukha Mo: A Preliminary Study on Filipino Facial Expressions c2012bSocial Science Diliman avol. 8 no. 2 xSOCIAL SCIENCE uhttp://journals.upd.edu.ph/index.php/socialsciencediliman/issue/view/377/showToc